Clinical benefits of oral capecitabine over intravenous 5-fluorouracyl regimen in case of neoadjuvant chemoradiotherapy followed by surgery for locally advanced rectal cancer
Background: During the last decade, one of the most important treatment options for locally advanced, potencially resectable rectal tumours was neoadjuvant chemoradiotherapy (CRT) followed by surgery.
Elmentve itt :
| Szerzők: | |
|---|---|
| Dokumentumtípus: | Cikk |
| Megjelent: |
2022
|
| Sorozat: | PATHOLOGY AND ONCOLOGY RESEARCH
28 |
| Tárgyszavak: | |
| doi: | 10.3389/pore.2022.1610722 |
| mtmt: | 33318388 |
| Online Access: | http://publicatio.bibl.u-szeged.hu/25863 |
| LEADER | 01530nab a2200337 i 4500 | ||
|---|---|---|---|
| 001 | publ25863 | ||
| 005 | 20221221093508.0 | ||
| 008 | 221221s2022 hu o 0|| Angol d | ||
| 022 | |a 1219-4956 | ||
| 024 | 7 | |a 10.3389/pore.2022.1610722 |2 doi | |
| 024 | 7 | |a 33318388 |2 mtmt | |
| 040 | |a SZTE Publicatio Repozitórium |b hun | ||
| 041 | |a Angol | ||
| 100 | 1 | |a Paszt Attila | |
| 245 | 1 | 0 | |a Clinical benefits of oral capecitabine over intravenous 5-fluorouracyl regimen in case of neoadjuvant chemoradiotherapy followed by surgery for locally advanced rectal cancer |h [elektronikus dokumentum] / |c Paszt Attila |
| 260 | |c 2022 | ||
| 300 | |a 11 | ||
| 490 | 0 | |a PATHOLOGY AND ONCOLOGY RESEARCH |v 28 | |
| 520 | 3 | |a Background: During the last decade, one of the most important treatment options for locally advanced, potencially resectable rectal tumours was neoadjuvant chemoradiotherapy (CRT) followed by surgery. | |
| 650 | 4 | |a Klinikai orvostan | |
| 700 | 0 | 1 | |a Ottlakán Aurél |e aut |
| 700 | 0 | 1 | |a Ábrahám Szabolcs |e aut |
| 700 | 0 | 1 | |a Simonka Zsolt |e aut |
| 700 | 0 | 1 | |a Vas Márton Árpád |e aut |
| 700 | 0 | 1 | |a Maráz Anikó |e aut |
| 700 | 0 | 1 | |a Szepes Zoltán |e aut |
| 700 | 0 | 1 | |a Tiszlavicz László |e aut |
| 700 | 0 | 1 | |a Nyári Tibor András |e aut |
| 700 | 0 | 1 | |a Oláh Judit Magdolna |e aut |
| 700 | 0 | 1 | |a Lázár György ifj |e aut |
| 856 | 4 | 0 | |u http://publicatio.bibl.u-szeged.hu/25863/1/PasztAttila...Clinicalbenefitsoforalcapecitabineoverintravenous5-fluorouracylregimenincaseofneoadjuvantchemoradiotherapyfollowedbysurgery.pdf |z Dokumentum-elérés |